Central Library || Chittagong University

The study of instinct.// (Record no. 112553)

MARC details
000 -LEADER
fixed length control field 00425nam a22001697a 4500
003 - CONTROL NUMBER IDENTIFIER
control field BD-ChCU
005 - DATE AND TIME OF LATEST TRANSACTION
control field 20260430122404.0
008 - FIXED-LENGTH DATA ELEMENTS--GENERAL INFORMATION
fixed length control field 260430b bg ||||| |||| 00| 0 ben d
040 ## - CATALOGING SOURCE
Transcribing agency BD-ChCU
082 ## - DEWEY DECIMAL CLASSIFICATION NUMBER
Classification number 591 TIS
100 ## - MAIN ENTRY--PERSONAL NAME
Personal name Tinbergen, N.
9 (RLIN) 22149
245 ## - TITLE STATEMENT
Title The study of instinct.//
Statement of responsibility, etc. N. Tinbergen,
260 ## - PUBLICATION, DISTRIBUTION, ETC.
Place of publication, distribution, etc. New York.
Name of publisher, distributor, etc. O. U. P.
Date of publication, distribution, etc. 1976
300 ## - PHYSICAL DESCRIPTION
Extent xx, 228p
650 #0 - SUBJECT ADDED ENTRY--TOPICAL TERM
Topical term or geographic name entry element Zoology
9 (RLIN) 22151
942 ## - ADDED ENTRY ELEMENTS (KOHA)
Source of classification or shelving scheme Dewey Decimal Classification
Koha item type Books
Suppress in OPAC No
Holdings
Withdrawn status Lost status Source of classification or shelving scheme Damaged status Not for loan Home library Current library Shelving location Date acquired Source of acquisition Total Checkouts Full call number Barcode Date last seen Copy number Price effective from Koha item type
    Dewey Decimal Classification     Chittagong University Library Chittagong University Library Science Reading Room 04/30/2026 Purchase   591 TIS 96614 04/30/2026 C-2 04/30/2026 Books
    Dewey Decimal Classification     Chittagong University Library Zoology Seminar Library Arts and Humanities Reading Room 04/30/2026 Purchase   591 TIS 96238 04/30/2026 C-1 04/30/2026 Books
© Copyright 2025. Chittagong University Library, Installation and Maintenance by Prof. Dr. Md. Alamgir, 01711306253